Standard for AWS Certified Welders
En esta norma se describe un programa administrado por la American Welding Society (ASW) para la certificacin̤ de soldadores, el cual brinda un medio para la transferencia de calificaciones de empleador a empleador sin necesidad de repetir evaluaciones. El documento establece los requisitos mn̕imos...
محفوظ في:
| مؤلفون آخرون: | |
|---|---|
| التنسيق: | كتاب |
| اللغة: | الإنجليزية |
| الموضوعات: | |
| الوصول للمادة أونلاين: | Standard for AWS Certified Welders |
| الوسوم: |
إضافة وسم
لا توجد وسوم, كن أول من يضع وسما على هذه التسجيلة!
|
MARC
| LEADER | 00000nam a22000004a 4500 | ||
|---|---|---|---|
| 001 | vpro10066 | ||
| 005 | 20201223000000.0 | ||
| 008 | 160602s2016 ck # g## #001 0#eng#d | ||
| 020 | |||
| 022 | |||
| 040 | |a CO-BoINGC | ||
| 041 | 0 | |a eng | |
| 245 | 1 | 0 | |a Standard for AWS Certified Welders |
| 246 | |a Norma para la certificacin̤ de soldadores de la AWS | ||
| 264 | |a Bogot ̀(Colombia) : |b Revista VirtualPRO, |c 2016 | ||
| 520 | 3 | |a En esta norma se describe un programa administrado por la American Welding Society (ASW) para la certificacin̤ de soldadores, el cual brinda un medio para la transferencia de calificaciones de empleador a empleador sin necesidad de repetir evaluaciones. El documento establece los requisitos mn̕imos que deben cumplir los candidatos para participar en el programa y los mťodos que deben usar los empleadores para adoptarlo. | |
| 650 | \ | \ | |a Soldadura |
| 650 | \ | \ | |a Welding |
| 650 | \ | \ | |a soldadura |
| 650 | \ | \ | |a soldadores |
| 650 | \ | \ | |a certificacin̤ |
| 650 | \ | \ | |a calificacin̤ |
| 650 | \ | \ | |a empleadores |
| 650 | \ | \ | |a evaluacin̤ |
| 650 | \ | \ | |a norma |
| 650 | \ | \ | |a AWS |
| 650 | \ | \ | |a welding |
| 650 | \ | \ | |a welders |
| 650 | \ | \ | |a certification |
| 650 | \ | \ | |a qualification |
| 650 | \ | \ | |a employers |
| 650 | \ | \ | |a evaluation |
| 650 | \ | \ | |a standard |
| 650 | \ | \ | |a AWS |
| 700 | \ | \ | |a Certifications Documents / American Welding Society (ASW) |
| 856 | |z Standard for AWS Certified Welders |u https://virtualpro.unach.elogim.com/biblioteca/norma-para-la-certificacion-de-soldadores-de-la-aws | ||